000 00307nam a2200133 i 4500
001 bg
100 1 _aWOŁCZEK, Olgierd
245 0 _aAtom. Ludzie. Kosmos /
_cOlgierd Wołczek.
260 _aWarszawa,
_c1976.
040 _cBPK
041 _apol
942 _cKS
008 s pl f |000 0 pol
999 _c26971
_d26971
856 _uhttp://koha.tu.koszalin.pl/cgi-bin/koha/opac-detail.pl?biblionumber=26971
_yKatalog online BPK